|
|
|
|
| LEADER |
00000cam a2200000 7i4500 |
| 001 |
0000025514 |
| 005 |
20140724.0 |
| 008 |
240714 my # may |
| 020 |
|
|
|a 9678915480 ,
|c RM12.50
|
| 040 |
|
|
|a INS
|
| 090 |
0 |
0 |
|a KPG1560.A9
|b M4 2014
|
| 110 |
1 |
|
|a Malaysia
|
| 240 |
0 |
0 |
|a [Akta Senjata 1960 (Akta 206)]
|
| 245 |
1 |
0 |
|a Akta Senjata 1960 (Akta 206) & Akta Senjata Api (Penalti Lebih Berat) 1971 (Akta 37) :
|b hingga 5hb. April 2013
|c International Law Book Services
|
| 260 |
|
|
|a Petaling Jaya :
|b ILBS ,
|c 2014
|
| 300 |
|
|
|a 70 p. ;
|c 24 cm.
|
| 650 |
0 |
0 |
|a Firearms
|x Law and legislation
|z Malaysia
|
| 740 |
0 |
|
|a Undang-Undang Malaysia
|
| 999 |
|
|
|a 1000001758
|b BOOK
|c Open Shelf
|e Default branch
|